Os direitos do homem contados às crianças (Registo nº 4243)

Detalhes MARC
000 -Etiqueta do registo
Cabeçalho 00936cam a2200313 4500
005 - Identificador da versão
Campo de controlo 20240813122056.0
095 ## -
-- PTBN00923147
010 ## - Número internacional normalizado dos livros (ISBN)
Número (ISBN) 9727101658
021 ## - Número do Depósito Legal
Código do país PT
Número 11138/97
100 ## - Dados gerais de processamento
Dados gerais de processamento 19971015d1997 cd y0pory5003 ba
102 ## - Pais de publicação ou produção
País de publicação Portugal
101 1# - Língua de publicação
Língua do texto, banda sonora, etc. Português
Língua do documento no original Francês
106 ## - Campo de dados codificados: material textual
Dados codificados do material textual r
105 ## - Campo de dados codificados: livros
Dados codificados dos livros a z 001yy
215 ## - Descrição física 
Indicação específica da natureza do documento e extensão da espécie 125, [2] p.
Outras indicações físicas il.
Dimensões 21 cm
200 1# - Titulo e menção de responsabilidade
Título próprio Os direitos do homem contados às crianças
Primeira menção de responsabilidade Jean-Louis Ducamp
Outras menções de responsabilidade il. Patrick Deubelbeiss
-- trad. Maria Filomena Duarte
225 1# - Colecção 
Título próprio da colecção Caminhos da liberdade
Indicação de volume 1
205 ## - Menção da edição
Menção da edição 1ª ed
210 ## - Publicação, Distribuição, etc. 
Lugar da edição, distribuição, etc. Lisboa
Nome do editor, distribuidor, etc. Terramar
Data da publicação, distribuição, etc. 1997
304 ## - Notas relativas a título e menção de responsabilidade 
Texto da nota Tít. orig.: Les droits de l'homme racontés aux enfants
675 ## - Classificação Decimal Universal (CDU)
Notação 342.7-053.2
Edição BN
Língua da edição por
702 #1 - Nome de autor-pessoa física (responsabilidade secundária)
Número de registo de entrada de autoridade 0000925
Palavra de ordem Deubelbeiss
Outra parte do nome não tomada para palavra de ordem Patrick
Código de função Ilustrador / Técnico de desenho computorizado
Número de registo de entrada de autoridade 0000879
Palavra de ordem Duarte
Outra parte do nome não tomada para palavra de ordem M. Filomena
Código de função Tradutor
700 #1 - Nome de autor-pessoa física (responsabilidade principal)
Número de registo de entrada de autoridade 0000924
Palavra de ordem Ducamp
Outra parte do nome não tomada para palavra de ordem Jean-Louis
942 ## - Elementos de entrada adicionados (Koha)
Tipo de item no Koha Livro
Exemplares
Situação do levantamento Origin of item (home branch) (coded) Biblioteca de empréstimo Código de barras Cota Circulation type (not for loan) Tipo de documento Nota do exemplar Damaged status
  Biblioteca Escolar das Vendas Biblioteca Escolar das Vendas BEV1198 3PED DUC   Livro Sem mensagem